000 00564nam a2200193Ia 4500
003 GCL
008 140319s9999 xx 000 0 ara d
040 _aGCL /
_cGCL
082 0 4 _aط
_b507
_bا م
100 1 _aرونى كراوس
245 1 0 _aميكى يسأل ويجيب /
_cرونى كراوس
700 1 _aاحمد فؤاد باشا
260 _a[S.N] :
_bمركز الاهرام للترجمة والنشر ،
_c1993
490 _a
650 0 4 _aالاطفال
650 0 4 _aتعليم الاطفال
650 0 4 _aالمعرفة
942 _2ddc
_cBK
999 _c56441
_d56441